The Private Finance Initiative and corporate property outsourcing in the UK (Record no. 104749)
[ view plain ]
| 000 -LEADER | |
|---|---|
| fixed length control field | 01437cam a2200277 4500 |
| 001 - CONTROL NUMBER | |
| control field | ##E131406 |
| 008 - FIXED-LENGTH DATA ELEMENTS--GENERAL INFORMATION | |
| fixed length control field | 050826n2005 000 0 eng u |
| 020 ## - INTERNATIONAL STANDARD BOOK NUMBER | |
| International Standard Book Number | 1904388426 |
| 035 ## - SYSTEM CONTROL NUMBER | |
| System control number | (Sirsi) u131406 |
| 041 0# - LANGUAGE CODE | |
| Language code of text/sound track or separate title | eng |
| 050 04 - LIBRARY OF CONGRESS CALL NUMBER | |
| Classification number | 658.2 $2 18 |
| 100 1# - MAIN ENTRY--PERSONAL NAME | |
| Personal name | Pinder, James |
| 245 04 - TITLE STATEMENT | |
| Title | The Private Finance Initiative and corporate property outsourcing in the UK |
| Remainder of title | a CPD study pack |
| 260 ## - PUBLICATION, DISTRIBUTION, ETC. | |
| Place of publication, distribution, etc. | Reading |
| Name of publisher, distributor, etc. | College of Estate Management |
| Date of publication, distribution, etc. | 2005 |
| 300 ## - PHYSICAL DESCRIPTION | |
| Extent | 28p. |
| Dimensions | 30cm. |
| 350 ## - PRICE (NR) (BK AM CF MU VM SE) [OBSOLETE] | |
| Price | 23.50 |
| 490 ## - SERIES STATEMENT | |
| Series statement | College of Estate Management CPD Study Pack |
| 520 ## - SUMMARY, ETC. | |
| Summary, etc. | The way in which property assets and FM services are purchased in the UK has been transformed in recent years. PFI is a method of procurement in which private sector consortia enter into long-term contracts to design, finance, build and maintain infrastructure for public sector organisations. On the other hand, the Government and also corporate occupiers in the private sector have used Corporate Property Outsourcing as a vehicle for outsourcing property assets. This CPD study paper describes the concepts and mechanisms used in these different approaches, and considers some of the implications for associated industries and professions. |
| 520 ## - SUMMARY, ETC. | |
| Summary, etc. | No audio tape accompanying this pack |
| 590 ## - LOCAL NOTE (RLIN) | |
| Local note | IKA030106 |
| 650 24 - SUBJECT ADDED ENTRY--TOPICAL TERM | |
| Topical term or geographic name entry element | PFI |
| 650 ## - SUBJECT ADDED ENTRY--TOPICAL TERM | |
| Topical term or geographic name entry element | OUTSOURCING |
| 690 ## - LOCAL SUBJECT ADDED ENTRY--TOPICAL TERM (OCLC, RLIN) | |
| Topical term or geographic name as entry element | Procurement |
| 9 (RLIN) | 6260 |
| 710 2# - ADDED ENTRY--CORPORATE NAME | |
| Corporate name or jurisdiction name as entry element | College of Estate Management |
| 9 (RLIN) | 400 |
| 942 ## - ADDED ENTRY ELEMENTS (KOHA) | |
| Suppress in OPAC | 0 |
| Withdrawn status | Lost status | Source of classification or shelving scheme | Damaged status | Not for loan | Home library | Current library | Shelving location | Date acquired | Cost, normal purchase price | Total Checkouts | Full call number | Barcode | Date last seen | Date last checked out | Copy number | Cost, replacement price | Price effective from | Koha item type |
|---|---|---|---|---|---|---|---|---|---|---|---|---|---|---|---|---|---|---|
| Dewey Decimal Classification | London | London | Enquiry desk | 16/01/2006 | 23.47 | 13 | BASEMENT 6 | 30071457 | 06/08/2019 | 17/11/2009 | 5 | 23.47 | 06/08/2019 | Audio |